Универсальная система синхронизации для лазерного монитора на основе AVR микроконтроллера; Современные техника и технологии; Т. 1

Bibliografiska uppgifter
Parent link:Современные техника и технологии: сборник трудов XVIII международной научно-практической конференции студентов, аспирантов и молодых ученых, Томск, 9-13 апреля 2012 г/ Национальный исследовательский Томский политехнический университет (ТПУ).— , 2012
Т. 1.— 2012.— [С. 239-240]
Huvudupphovsman: Рогожин К. В.
Övriga upphovsmän: Тригуб М. В. Максим Викторович (научный руководитель)
Sammanfattning:Заглавие с титульного листа
Språk:ryska
Publicerad: 2012
Serie:Секция 2. Приборостроение
Ämnen:
Länkar:http://www.lib.tpu.ru/fulltext/v/Conferences/2012/C2/V1/v1_117.pdf
Materialtyp: MixedMaterials Elektronisk Bokavsnitt
KOHA link:https://koha.lib.tpu.ru/cgi-bin/koha/opac-detail.pl?biblionumber=222105

MARC

LEADER 00000nla2a2200000 4500
001 222105
005 20240409064721.0
035 |a (RuTPU)RU\TPU\book\242288 
035 |a RU\TPU\book\242279 
090 |a 222105 
100 |a 20120918d2012 k y0rusy50 ca 
101 0 |a rus 
102 |a RU 
105 |a y z 101zy 
135 |a drnn ---uucaa 
181 0 |a i  
182 0 |a b 
200 1 |a Универсальная система синхронизации для лазерного монитора на основе AVR микроконтроллера  |f К. В. Рогожин, М. В. Тригуб  |g науч. рук. М. В. Тригуб 
203 |a Текст  |c электронный 
215 |a 1 файл (843 Кб) 
225 1 |a Секция 2. Приборостроение 
300 |a Заглавие с титульного листа 
320 |a [Библиогр.: с. 240 (3 назв.)] 
337 |a Adobe Reader 
461 1 |0 (RuTPU)RU\TPU\book\240890  |t Современные техника и технологии  |o сборник трудов XVIII международной научно-практической конференции студентов, аспирантов и молодых ученых, Томск, 9-13 апреля 2012 г  |o в 3 т.  |f Национальный исследовательский Томский политехнический университет (ТПУ)  |d 2012 
463 1 |0 (RuTPU)RU\TPU\book\240891  |t Т. 1  |v [С. 239-240]  |d 2012  |p 426 с. 
610 1 |a труды учёных ТПУ 
610 1 |a электронный ресурс 
610 1 |a микроконтроллеры 
610 1 |a лазерные мониторы 
610 1 |a синхронизация 
610 1 |a лазерные усилители 
610 1 |a визуализация 
700 1 |a Рогожин  |b К. В. 
701 1 |a Тригуб  |b М. В.  |c специалист в области неразрушающего контроля  |c профессор Томского политехнического университета, доктор технических наук  |f 1987-  |g Максим Викторович  |y Томск  |3 (RuTPU)RU\TPU\pers\25909  |9 11760 
702 1 |a Тригуб  |b М. В.  |c российский ученый, специалист в области неразрушающего контроля   |c инженер Томского политехнического университета  |f 1987-  |g Максим Викторович  |4 727 
801 2 |a RU  |b 63413507  |c 20130205  |g RCR 
856 4 |u http://www.lib.tpu.ru/fulltext/v/Conferences/2012/C2/V1/v1_117.pdf 
942 |c CF